Weezer - White Album Songs - Statistics

General Stats
  • This quiz has been taken 18 times
  • The average score is 9 of 10
Answer Stats
Listens Songs % Correct
20,210,773 California Kids
100%
23,965,951 King Of The World
100%
9,464,530 L.A. Girlz
100%
37,149,255 Thank God For Girls
100%
9,134,797 Wind In Our Sail
100%
17,611,493 Do You Wanna Get High?
90%
7,482,687 Summer Elaine And Drunk Dori
90%
15,474,945 Jacked Up
80%
7,791,417 Endless Bummer
70%
11,692,059 (Girl We Got A) Good Thing
70%
No matching quizzes found
Score Distribution
Percent of People with Each Score
Percentile by Number Answered
Your Score History
You have not taken this quiz